Most Valuable Free & Loan Football Transfers Season 2022/23 - Statistics

General Stats
  • This quiz has been taken 228 times
    167 since last reset
  • The average score is 18 of 31
Answer Stats
# Market Value Nationality Transfer From To Answer % Correct
1 €70.00m Belgium Loan Chelsea Inter Milan Romelu Lukaku
99%
3 €50.00m Portugal Loan Atletico Madrid Chelsea João Félix
98%
4 €48.00m France Free Manchester United Juventus Paul Pogba
96%
1 €70.00m Portugal Loan Manchester City Bayern Munich João Cancelo
95%
6 €40.00m Germany Free Chelsea Real Madrid Antonio Rüdiger
92%
7 €35.00m Denmark Free Chelsea Barcelona Andreas Christensen
90%
5 €45.00m Cote d'Ivoire Free AC Milan Barcelona Franck Kessié
87%
9 €35.00m Argentina Free Juventus AS Roma Paulo Dybala
87%
9 €35.00m Germany Free Bayern Munich Borussia Dortmund Niklas Süle
71%
7 €35.00m Netherlands Loan Villarreal Tottenham Hotspur Arnaut Danjuma
64%
18 €25.00m Cote d'Ivoire Loan Arsenal Nice Nicolas Pépé
62%
12 €30.00m France Loan Tottenham Hotspur Napoli Tanguy Ndombélé
61%
26 €22.00m Argentina Loan Paris Saint-Germain Galatasaray Mauro Icardi
59%
17 €27.00m Switzerland Loan Juventus Chelsea Denis Zakaria
58%
18 €25.00m Italy Free Napoli Toronto FC Lorenzo Insigne
57%
18 €25.00m Spain Loan Sporting Lisbon Tottenham Hotspur Pedro Porro
52%
18 €25.00m England Loan Chelsea Bayer Leverkusen Callum Hudson-Odoi
51%
12 €30.00m Spain Loan RB Leipzig TSG Hoffenheim Angeliño
49%
18 €25.00m France Free Olympique Marseille Aston Villa Boubacar Kamara
46%
26 €22.00m Argentina Loan Tottenham Hotspur Villarreal Giovani Lo Celso
46%
18 €25.00m England Loan Wolverhampton Wanderers Everton Conor Coady
45%
18 €25.00m Spain Loan Tottenham Hotspur Atlético Madrid Sergio Reguilón
43%
18 €25.00m Argentina Loan Sevilla Ajax Amsterdam Lucas Ocampos
42%
12 €30.00m France Loan Atlético Madrid Nottingham Forest Renan Lodi
41%
26 €22.00m Poland Loan Southampton Aston Villa Jan Bednarek
39%
26 €22.00m England Free Burnley Everton James Tarkowski
38%
15 €28.00m France Loan Stade Riems Paris Saint-Germain Hugo Ekitiké
37%
11 €32.00m Portugal Loan Wolverhampton Wanderers Benfica Gonçalo Guedes
35%
15 €28.00m Italy Loan Sassuolo Napoli Giacomo Raspadori
32%
26 €22.00m Germany Loan Benfica Borussia Mönchengladbach Julian Weigl
30%
26 €22.00m Cote d'Ivoire Loan Sassuolo Bournemouth Hamed Junior Traorè
28%
No matching quizzes found
Score Distribution
Percent of People with Each Score
Percentile by Number Answered
Your Score History
You have not taken this quiz since the last reset